Ginástica infantil (Record no. 44713)
[ view plain ]
| 000 -Etiqueta do registo | |
|---|---|
| Valores | 00553cam a2200181 4500 |
| 100 ## - Dados gerais de processamento | |
| Dados gerais | 19940222d1951 k y0pory50030103ba |
| 101 0# - Língua de publicação | |
| Língua | por |
| 102 ## - País de publicação | |
| País | PT |
| 200 1# - Titulo e menção de responsabilidade | |
| Título próprio | Ginástica infantil |
| Informação de outro título | doutrina e didáctica |
| Primeira menção de responsabilidade | Alberto Feliciano Marques Pereira |
| Outras menções de responsabilidade | pref. de Mário de Gusmão Madeira |
| 210 #9 - Publicação | |
| Local de publicação | Lisboa |
| Nome do editor | Bertrand, |
| Data de publicação | 1951 |
| 215 ## - Descrição física | |
| Paginação / Volumes | [4] f., 350 p. |
| Dimensões | 24 cm |
| 675 ## - CDU | |
| Notação | 796.4 |
| 700 #1 - Autor principal | |
| Apelido | Pereira, |
| Nome | Alberto Feliciano Marques, |
| Datas | 1908-1969 |
| 702 #1 - Autor secundário | |
| Apelido | Madeira, |
| Nome | Mário, |
| Datas | 1901-1985 |
| Função | 080 |
| 801 #0 - Fonte de origem | |
| País | PT |
| Agência | BN |
| Regras de catalogação | RPC |
| 990 ## - Elementos KOHA | |
| Tipo de documento | Livro |
| Aquisição | Empréstimo | Código de barras | Cota | Permissão de empréstimo | Tipo de documento | Nota relativa ao exemplar |
|---|---|---|---|---|---|---|
| Biblioteca Municipal de Redondo | Biblioteca Municipal de Redondo | 054708 | 796.4 PER | Livro | 1.ª parte |